| 000 | 00371nam a2200157Ia 4500 | ||
|---|---|---|---|
| 008 | 240729s9999 xx 000 0 und d | ||
| 022 | _a2770-100X | ||
| 245 | 0 | _amLife | |
| 260 | _aAustralia | ||
| 260 | _bWiley | ||
| 650 | _a Microbiology | ||
| 650 | _aScience | ||
| 856 | _uhttps://doaj.org/toc/bea1bbd83a0d4f70a6645dcacf06ed73 | ||
| 942 | _2ddc | ||
| 942 | _cDOAJEJ | ||
| 999 |
_c72724 _d72724 |
||
| 945 |
_a1 _bMadushi Gamage _c1 _dMadushi Gamage |
||